Mulan quiz - Statistics

General Stats
  • This quiz has been taken 142 times
  • The average score is 9 of 24
Answer Stats
Hint Answer % Correct
Girl who dresses as a man to join the army Fa Mulan
99%
Dragon and former guardian Mushu
83%
Where does this movie take place China
69%
Captain of the Imperial army Li shang
60%
Skinny soldier Ling
47%
Answer 1's dog Little brother
44%
What did the Huns attack at the beginning of the movie The great wall of china
41%
She is responsible for arranging marriages Matchmaker
40%
Short soldier with a black eye Yao
35%
"Would you like to stay _______!" Forever
34%
"You don't meet a girl like that every _______" Dynasty
32%
What was shot at the mountain to create the avalanche Cannon
29%
Big soldier Chien po
28%
Father of the above and a war veteran Fa Zhou
28%
Leader of the Hun army Shan Yu
27%
"They popped out of the snow! Like ______!" Daisies
25%
Answer 1's horse Khan
24%
The mother of answer 1 Fa Li
22%
"Reflect before you _____" Snack
20%
The lucky cricket Cri-Kee
18%
"Oh I think my _____ ________ just ran for cover" Bunny Slippers
16%
What did Mushu have to do to wake up the ancestors Ring the Gong
16%
Advisor to the Emperor Chi fu
14%
General of the Imperial army General Li
11%
No matching quizzes found
Score Distribution
Percent of People with Each Score
Percentile by Number Answered
Your Score History
You have not taken this quiz